Learning curve (Record no. 81695)
[ view plain ]
| 000 -LEADER | |
|---|---|
| fixed length control field | 00865cab a22001935a 4500 |
| 001 - CONTROL NUMBER | |
| control field | L147991 |
| 008 - FIXED-LENGTH DATA ELEMENTS--GENERAL INFORMATION | |
| fixed length control field | 090710e20090703xxkd f 000 0 eng d |
| 035 ## - SYSTEM CONTROL NUMBER | |
| System control number | (Sirsi) u147991 |
| 041 0# - LANGUAGE CODE | |
| Language code of text/sound track or separate title | eng |
| 100 1# - MAIN ENTRY--PERSONAL NAME | |
| Personal name | Farmer, Mark |
| 245 00 - TITLE STATEMENT | |
| Title | Learning curve |
| 260 ## - PUBLICATION, DISTRIBUTION, ETC. | |
| Date of publication, distribution, etc. | 2009 |
| 490 #0 - SERIES STATEMENT | |
| Series statement | Property Week |
| Volume/sequential designation | 75(27) 3 July 2009, 38(1) |
| 520 ## - SUMMARY, ETC. | |
| Summary, etc. | Suggests that it is time to start thinking about the future residential market after the clear "troughing" of house prices. Believes that housebuilders need to explore ways of protecting themselves from future shocks and to create a clear market identity attractive to new-build buyers. Charts cover the rate of annual house price movement and how modern construction methods save time. |
| 590 ## - LOCAL NOTE (RLIN) | |
| Local note | KA |
| 651 #4 - SUBJECT ADDED ENTRY--GEOGRAPHIC NAME | |
| Geographic name | United Kingdom |
| Chronological subdivision | |
| 690 ## - LOCAL SUBJECT ADDED ENTRY--TOPICAL TERM (OCLC, RLIN) | |
| Topical term or geographic name as entry element | PROPERTY-RESIDENTIAL PROPERTY-RESIDENTIAL PROPERTY MARKET |
| 942 ## - ADDED ENTRY ELEMENTS (KOHA) | |
| Suppress in OPAC | 0 |
| Withdrawn status | Lost status | Source of classification or shelving scheme | Damaged status | Not for loan | Home library | Current library | Shelving location | Date acquired | Total Checkouts | Full call number | Barcode | Date last seen | Copy number | Price effective from | Koha item type |
|---|---|---|---|---|---|---|---|---|---|---|---|---|---|---|---|
| Dewey Decimal Classification | London | London | Journal article | 10/07/2009 | L147991 | 147991-1001 | 06/08/2019 | 1 | 06/08/2019 | Journal article |